00585nam a2200169 a 450000100100000000500170001000800410002702000180006804000250008608200280011111000270013924500330016625000110019926000510021030000210026150001330028200004900520201002061600.0190712s2017 dr r 000 0 spa d a9789945141337 aDO-SdBNPbspacBNPHU a342.729302bR426c, 20171 aRepública Dominicana10aConstitución Dominicana :. a2a ed. aSanto Domingo :bCámara de Diputados,c2017. a153 p. ;c23 cm. aVotada y proclamada por la Asamblea Nacional Revisora el dia 13 de junio del 2015. Gaceta Oficial no. 10805 del 10 de julio 2015